|
|
|
|
| LEADER |
01238njm a2200385 a 4500 |
| 001 |
001168205 |
| 003 |
CZ BrMZK |
| 005 |
20111025105709.0 |
| 007 |
sd fsngnnmmned |
| 008 |
110912s2010 xr ppn g cze d |
| 015 |
|
|
|a cnb002220473
|
| 028 |
0 |
1 |
|a HR 0094-2
|b Hurikán
|
| 040 |
|
|
|a ABA001
|b cze
|
| 045 |
|
|
|a y1y1
|
| 047 |
|
|
|a rc
|a pp
|
| 072 |
|
7 |
|a 784
|x Vokální hudba
|2 Konspekt
|9 9
|
| 080 |
|
|
|a 78.036
|2 MRF
|
| 080 |
|
|
|a 784.4
|2 MRF
|
| 080 |
|
|
|a (086.76)
|2 MRF
|
| 100 |
1 |
|
|a Janda, Dalibor,
|d 1953-
|7 jn20000401181
|4 cmp
|4 arr
|4 sng
|4 itr
|
| 245 |
1 |
0 |
|a Dva týdny s tebou
|h [zvukový záznam] /
|c Dalibor Janda
|
| 260 |
|
|
|a [Praha] :
|b Hurikán,
|c c2010
|
| 300 |
|
|
|a 1 zvuková deska :
|b digital ;
|c 12 cm
|
| 500 |
|
|
|a Kompaktní deska
|
| 511 |
0 |
|
|a Dalibor Janda, zpěv, [kytary] ; Jiřina Anna Jandová, zpěv
|
| 648 |
|
4 |
|a 2010
|
| 648 |
|
7 |
|a 2001-2010
|7 ch460588
|2 czenas
|
| 650 |
0 |
7 |
|a rock
|7 ph125174
|2 czenas
|
| 650 |
0 |
7 |
|a populární písně
|7 ph124354
|y 2011-2020
|2 czenas
|
| 655 |
|
7 |
|a kompaktní desky
|7 fd201991
|2 czenas
|
| 910 |
2 |
|
|a BOA001
|b CDR-1273.036
|
| 990 |
|
|
|a AV
|
| 995 |
|
|
|a 01
|
| 991 |
|
|
|b 201110
|
| 996 |
6 |
|
|b 2610489939
|c CDR-1273.036
|l MZK
|r Sklad / do 24 hodin
|n 0
|p p.v.
|w 001204561
|u 000010
|a 1
|e BOA001
|j MZK50
|s P
|